01118nam a2200289 a 4500001001100000003000800011006001900019007001500038008004100053010001700094020002800111040002100139035002100160050002400181082001600205100002200221245010200243260004700345300002000392504005200412533015200464650002800616655002900644710001700673856012500690999001300815ebr5004005CaPaEBRm u cr cn|||||||||961114s1997 ctu sb 000 0 eng  z 96050211  z0313299919 (alk. paper) aCaPaEBRcCaPaEBR a(OCoLC)13316242414aHF1001b.F65 1997eb04a650/.032211 aFolsom, W. Davis.10aUnderstanding American business jargonh[electronic resource] :ba dictionary /cW. Davis Folsom. aWestport, Conn. :bGreenwood Press,c1997. axiv, 235 [2] p. aIncludes bibliographical references (p. [237]). aElectronic reproduction.bPalo Alto, Calif. :cebrary,d2013.nAvailable via World Wide Web.nAccess may be limited to ebrary affiliated libraries. 0aBusinessvDictionaries. 7aElectronic books.2local2 aebrary, Inc.40uhttp://site.ebrary.com/lib/rucke/Doc?id=5004005zAn electronic book accessible through the World Wide Web; click to view c692d692